000 00543nam a2200217 a 4500
999 _c1821
_d1821
001 1821
003 BD-JhCC
005 20171026111710.0
008 171024s1968 it p|||| |||| 00| 0 eng d
035 _a(BD-JhCC) 1821
040 _aBD-JhCC
_dBD-JhCC
041 _aeng
082 _a759.2
_bGAT 1968
100 _aGatt, Giuseppe
245 _aConstable :
_b80 colour plates /
_cGiuseppe Gatt
260 _aItalian :
_bThames and Hudson
_c1968
300 _a39 p. :
_bill,
_c17 cm
650 _aPainting
942 _2ddc
_cBK